Varnsdorf Rumburk : plán města /

Korporativní autor: Freytag & Berndt (nakladatelství : Praha, Česko)
Jazyk: Čeština
Vydáno: Praha : Freytag & Berndt, c2005
Témata:
Fyzický popis: 2 mapy na 1 listu : obě strany, barev. ; 43 x 35 cm na listu 45 x 61 cm, složeno 23 x 13 cm
Mapy
Uloženo v:
LEADER 01486nem a2200397 a 4500
001 nkc20061647699
003 CZ PrNK
005 20060814163706.0
007 aj canzn
008 060317s2005 xr z a 1 cze
015 |a cnb001647699 
020 |a 80-7316-111-7  |q (složeno) 
034 1 |a a  |b 10000 
040 |a OLA001  |b cze  |d BOA001  |d ABA001 
043 |a e-xr---  |b e-xr-us  |2 czenas 
072 7 |a 913(437)  |x Geografie Česka a Slovenska, reálie, cestování  |2 Konspekt  |9 7 
080 |a 913(437.315)  |2 MRF 
080 |a 912.43:911.375  |2 MRF 
080 |a (084.3)  |2 MRF 
110 2 |a Freytag & Berndt (nakladatelství : Praha, Česko)  |7 mzk2003190950 
245 1 0 |a Varnsdorf  |h [kartografický dokument] ;  |b Rumburk : plán města /  |c zpracoval a vydal Freytag & Berndt 
246 1 |i Název v tiráži:  |a Varnsdorf a Rumburk 
255 |a Měřítko 1:10 000 
260 |a Praha :  |b Freytag & Berndt,  |c c2005 
300 |a 2 mapy na 1 listu :  |b obě strany, barev. ;  |c 43 x 35 cm na listu 45 x 61 cm, složeno 23 x 13 cm 
500 |a Obsahuje rejstříky 
500 |a Doplňková mapa okolí měst 1:150 000 
655 7 |a plány měst  |7 fd133027  |2 czenas 
651 7 |a Rumburk (Česko)  |7 ge130693  |2 czenas 
651 7 |a Varnsdorf (Česko)  |7 ge131240  |2 czenas 
740 0 2 |a Rumburk 
910 2 |a BOA001  |b Mp2-1171.331 
990 |a MP 
995 |a 01 
991 |b 200607  |c NOV 
996 6 |b 2610285314  |c Mp2-1171.331  |l MZK  |r Sklad / do 1 hodiny  |n 0  |p p.v.  |w 000820954  |u 000010  |a 1  |e BOA001  |j MZK50  |s P